[Event "A-Klasse 2015 (A68)"]
[Site "Berlin-Weißensee"]
[Date "2015.05.13"]
[Round "1.1"]
[White "Schrodt, Sebastian"]
[Black "Jaeger, Andre"]
[Result "1-0"]
[WhiteElo "2027"]
[BlackElo "1952"]
[PlyCount "65"]
[EventDate "2015.??.??"]

1. e4 c5 2. Nf3 Nc6 3. d4 cxd4 4. Nxd4 Nf6 5. Nc3 e5 6. Ndb5 d6 7. Nd5 Nxd5 8.
exd5 Nb8 9. a4 a6 10. Na3 Be7 11. Be2 O-O 12. O-O f5 13. f4 exf4 14. Bxf4 Qb6+
15. Kh1 g5 16. Nc4 Qc7 17. Be3 Nd7 18. a5 Ne5 19. Bb6 Qd7 20. Nxe5 dxe5 21. c4
g4 22. c5 Bg5 23. Qb3 Qe8 24. c6 bxc6 25. dxc6+ Be6 26. Bc4 Bxc4 27. Qxc4+ Qf7
28. Qxf7+ Rxf7 29. Rad1 e4 30. c7 e3 31. Rd8+ Rf8 (31... Bxd8 32. cxd8=Q+ Rxd8
33. Bxd8 Rd7 34. Bh4 e2 35. Re1 Rd1 36. Kg1) 32. Rxf5 Bxd8 33. Rxf8+ 1-0

[Event "A-Klasse 2015 (A68)"]
[Site "Berlin-Weißensee"]
[Date "2015.05.13"]
[Round "1.2"]
[White "Baranowsky, Peter"]
[Black "Costello, Colin"]
[Result "1/2-1/2"]
[WhiteElo "2028"]
[BlackElo "1958"]
[PlyCount "85"]
[EventDate "2015.??.??"]

1. d4 Nf6 2. Nf3 e6 3. c4 Bb4+ 4. Nbd2 d5 5. e3 O-O 6. a3 Be7 7. Bd3 Nbd7 8.
Qc2 c5 9. b3 cxd4 10. exd4 b6 11. O-O Bb7 12. cxd5 Rc8 13. Qb1 Bxd5 14. Bb2 Rc7
15. Rc1 Rxc1+ 16. Qxc1 Qb8 17. Qf1 Bd6 18. h3 Bf4 19. Qe2 Rc8 20. Rc1 Rxc1+ 21.
Bxc1 Qc7 22. Bb2 Qb7 23. Bc4 Bxd2 24. Bxd5 Nxd5 25. Qxd2 N7f6 26. Ne5 Qc7 27.
Qc1 Qxc1+ 28. Bxc1 Ne4 29. f3 Nec3 30. Kf2 Nb5 31. Nc6 a5 32. Ke2 Kf8 33. Kd3
Ke8 34. a4 Nd6 35. Bd2 f6 36. Na7 Kd7 37. Nb5 Nf5 38. f4 Ng3 39. Na3 Nh5 40.
Ke4 f5+ 41. Kf3 Nhf6 42. Nc4 {(=)} Ne4 43. Bc1 1/2-1/2

[Event "A-Klasse 2015 (A68)"]
[Site "Berlin-Weißensee"]
[Date "2015.05.13"]
[Round "1.3"]
[White "Hoppensack, Manfred"]
[Black "Steiner, Wolfram"]
[Result "1-0"]
[WhiteElo "1999"]
[BlackElo "1959"]
[PlyCount "37"]
[EventDate "2015.??.??"]

1. e4 e6 2. d4 d5 3. Nd2 h6 4. c3 c5 5. Bd3 Nc6 6. Ne2 Nf6 7. e5 Nd7 8. Nf3 Be7
9. O-O g5 10. g4 f5 11. gxf5 exf5 12. Bxf5 Ndxe5 13. Nxe5 Bxf5 14. Ng3 Nxe5 15.
Nxf5 Ng6 16. Qh5 Kf7 17. f4 Bf6 18. Nxh6+ Kg7 19. fxg5 1-0

[Event "A-Klasse 2015 (A68)"]
[Site "Berlin-Weißensee"]
[Date "2015.05.13"]
[Round "1.4"]
[White "Kunz, Andre"]
[Black "Sappok, Marius"]
[Result "1/2-1/2"]
[WhiteElo "2030"]
[BlackElo "2042"]
[PlyCount "34"]
[EventDate "2015.??.??"]

1. e4 e5 2. Nf3 Nc6 3. Bc4 Nf6 4. d3 d5 5. exd5 Nxd5 6. O-O Bc5 7. Re1 O-O 8.
c3 Nb6 9. Bb5 f6 10. b4 Bd6 11. Nbd2 Bg4 12. Ne4 a5 13. Qb3+ Kh8 14. Nfd2 axb4
15. Bxc6 bxc6 16. cxb4 Qe7 17. Nxd6 cxd6 1/2-1/2

[Event "A-Klasse 2015 (A68)"]
[Site "Berlin-Weißensee"]
[Date "2015.05.14"]
[Round "2.1"]
[White "Jaeger, Andre"]
[Black "Costello, Colin"]
[Result "0-1"]
[WhiteElo "1952"]
[BlackElo "1958"]
[PlyCount "86"]
[EventDate "2015.??.??"]

1. d4 Nf6 2. c4 e6 3. Nc3 Bb4 4. Nf3 b6 5. Qb3 c5 6. a3 Bxc3+ 7. Qxc3 Ne4 8.
Qe3 Bb7 9. dxc5 bxc5 10. Nd2 Nxd2 11. Bxd2 d6 12. Qg3 O-O 13. Bc3 e5 14. Rd1
Qe7 15. Qd3 Rd8 16. e4 Nc6 17. h4 Nd4 18. Be2 Re8 19. g4 f5 20. f3 fxe4 21.
fxe4 Rf8 22. Bd2 Qf6 23. Be3 Nxe2 24. Qxe2 Bxe4 25. Rf1 Bf3 26. Qh2 Qe6 27. Rd3
Be4 28. Rxf8+ Rxf8 29. Rd2 Qxc4 30. Qg1 Bd3 31. Rf2 Rxf2 32. Qxf2 Qxg4 33. Kd2
Qf5 34. Qxf5 Bxf5 35. Kc3 Kf7 36. b4 cxb4+ 37. Kxb4 a6 38. Ka5 Bd3 39. Kb6 Ke6
40. Kc6 d5 41. Kc5 Bc4 42. a4 Kf5 43. a5 Ke4 0-1

[Event "A-Klasse 2015 (A68)"]
[Site "Berlin-Weißensee"]
[Date "2015.05.14"]
[Round "2.2"]
[White "Schrodt, Sebastian"]
[Black "Hoppensack, Manfred"]
[Result "1-0"]
[WhiteElo "2027"]
[BlackElo "1999"]
[PlyCount "73"]
[EventDate "2015.??.??"]

1. e4 e6 2. d4 d5 3. Nc3 Nf6 4. exd5 exd5 5. Bd3 Nc6 6. Nge2 Nb4 7. Bg5 h6 8.
Bh4 Nxd3+ 9. Qxd3 c6 10. O-O-O Be7 11. f3 g5 12. Bg3 Nh5 13. Be5 Nf6 14. Rde1
Be6 15. Ng3 Rg8 16. Nf5 Bxf5 17. Qxf5 Qd7 18. Qd3 O-O-O 19. Na4 b6 20. g4 Rg6
21. h4 gxh4 22. Rxh4 Ng8 23. Rh3 Kb7 24. Nc3 Bd6 25. Rh5 Rg5 26. Rxg5 hxg5 27.
Bxd6 Qxd6 28. Qf5 Qg3 29. Qxf7+ Kb8 30. Re8 Kc8 31. Rxd8+ Kxd8 32. Qxg8+ Kc7
33. Qg7+ Kc8 34. Qxg5 Qg1+ 35. Nd1 Qxd4 36. Qe3 Qg7 37. g5 1-0

[Event "A-Klasse 2015 (A68)"]
[Site "Berlin-Weißensee"]
[Date "2015.05.14"]
[Round "2.3"]
[White "Sappok, Marius"]
[Black "Baranowsky, Peter"]
[Result "1-0"]
[WhiteElo "2042"]
[BlackElo "2028"]
[PlyCount "73"]
[EventDate "2015.??.??"]

1. d4 d5 2. c4 e6 3. Nc3 c6 4. Nf3 Nd7 5. e3 Ngf6 6. Bd3 dxc4 7. Bxc4 b5 8. Bd3
a6 9. e4 c5 10. e5 cxd4 11. Nxb5 axb5 12. exf6 Qb6 13. fxg7 Bxg7 14. Qe2 Ba6
15. b4 O-O 16. Ng5 f5 17. Qh5 Nf6 18. Qh3 Rad8 19. O-O h6 20. Nf3 Ng4 21. Qh5
Bb7 22. Re1 Bd5 23. h3 Nf6 24. Qg6 Kh8 25. Bxh6 Qb7 26. Bxg7+ Qxg7 27. Qxg7+
Kxg7 28. Nxd4 Bxa2 29. Nxb5 Rxd3 30. Rxa2 Rb3 31. Nc7 Rb8 32. Nxe6+ Kg8 33. Nd4
R3xb4 34. Nxf5 Rb2 35. Rxb2 Rxb2 36. Re3 Rb1+ 37. Kh2 1-0

[Event "A-Klasse 2015 (A68)"]
[Site "Berlin-Weißensee"]
[Date "2015.05.14"]
[Round "2.4"]
[White "Steiner, Wolfram"]
[Black "Kunz, Andre"]
[Result "1-0"]
[WhiteElo "1959"]
[BlackElo "2030"]
[PlyCount "73"]
[EventDate "2015.??.??"]

1. e4 c6 2. d4 d5 3. e5 Bf5 4. Nf3 e6 5. Be2 c5 6. Be3 cxd4 7. Nxd4 Ne7 8. Nd2
Nbc6 9. N2f3 a6 10. O-O Qc7 11. Rc1 Nxe5 12. Nxe5 Qxe5 13. c4 Rd8 14. Qa4+ Rd7
15. cxd5 exd5 16. Nxf5 Nxf5 17. Rc8+ Ke7 18. Bg4 d4 19. Bd2 b5 20. Qa3+ Kf6 21.
Rxf8 Rxf8 22. Qxf8 Re7 23. Qc8 h5 24. Bxf5 Qxf5 25. Qxf5+ Kxf5 26. f3 Rc7 27.
Rc1 Re7 28. Rc5+ Ke6 29. Kf1 g6 30. Bf4 Rd7 31. Ke2 f6 32. Kd3 g5 33. Bd2 Kd6
34. Rc8 Kd5 35. Bb4 g4 36. Rc5+ Ke6 37. Rxh5 1-0

[Event "A-Klasse 2015 (A68)"]
[Site "Berlin-Weißensee"]
[Date "2015.05.14"]
[Round "3.1"]
[White "Hoppensack, Manfred"]
[Black "Jaeger, Andre"]
[Result "1/2-1/2"]
[WhiteElo "1999"]
[BlackElo "1952"]
[PlyCount "112"]
[EventDate "2015.??.??"]

1. e4 c5 2. Nf3 Nc6 3. d4 cxd4 4. Nxd4 Nf6 5. Nc3 e5 6. Ndb5 d6 7. Bg5 a6 8.
Na3 Be6 9. Bc4 b5 10. Bxf6 Qxf6 11. Nd5 Qd8 12. Bb3 Rc8 13. c3 Be7 14. O-O O-O
15. Qd3 Bg5 16. Rad1 g6 17. Nc2 Na5 18. Nce3 Nxb3 19. axb3 f5 20. Kh1 Bxe3 21.
Qxe3 fxe4 22. Qxe4 Rc5 23. b4 Bf5 24. Qe3 Rc6 25. Qd2 Rf7 26. f3 Be6 27. Rfe1
Qf8 28. Qg5 Kg7 29. Kg1 h6 30. Qg3 Rf5 31. h4 Qf7 32. Ne3 Rf4 33. Nf1 Qe7 34.
Re4 Rxe4 35. fxe4 Qa7+ 36. Kh2 Qe7 37. Ne3 Rc8 38. Rf1 Rf8 39. Rxf8 Qxf8 40.
Qf3 Qf4+ 41. Qxf4 exf4 42. Nf1 {(=)} Kf6 43. Nd2 Ke5 44. Kg1 Bc4 45. Kf2 Bd3
46. Kf3 g5 47. hxg5 hxg5 48. g3 fxg3 49. Kxg3 Bxe4 50. Kg4 d5 51. Kxg5 d4 52.
Kg4 Bd5 53. Nf3+ Bxf3+ 54. Kxf3 dxc3 55. bxc3 Kd5 56. Ke3 Kc4 1/2-1/2

[Event "A-Klasse 2015 (A68)"]
[Site "Berlin-Weißensee"]
[Date "2015.05.14"]
[Round "3.2"]
[White "Costello, Colin"]
[Black "Sappok, Marius"]
[Result "0-1"]
[WhiteElo "1958"]
[BlackElo "2042"]
[PlyCount "92"]
[EventDate "2015.??.??"]

1. c4 Nf6 2. g3 g6 3. Bg2 d5 4. cxd5 Nxd5 5. Nc3 Nxc3 6. bxc3 Bg7 7. Nf3 O-O 8.
Rb1 Nc6 9. O-O b6 10. Qc2 Bb7 11. d4 Na5 12. e4 Nc4 13. Re1 Qc8 14. Nd2 Nxd2
15. Bxd2 c5 16. d5 e6 17. c4 exd5 18. exd5 Qg4 19. Re4 Qf5 20. Qa4 Bd4 21. Be3
Bxe3 22. fxe3 Bc8 23. Rf1 Bd7 24. Qd1 Qg5 25. Ref4 Rae8 26. Qf3 Qe7 27. e4 b5
28. d6 Qxd6 29. Rxf7 Be6 30. Rxf8+ Rxf8 31. Qxf8+ {(=)} Qxf8 32. Rxf8+ Kxf8 33.
cxb5 Bxa2 34. Kf2 Ke7 35. Bf1 Kd6 36. Ke3 Ke5 37. Bd3 c4 38. Bc2 Bb3 39. Bb1
Ba4 40. Kd2 Kd4 41. Kc1 Bxb5 42. Kb2 c3+ 43. Kc1 Bc6 44. Ba2 Bxe4 45. Bg8 h6
46. Bf7 Ke3 0-1

[Event "A-Klasse 2015 (A68)"]
[Site "Berlin-Weißensee"]
[Date "2015.05.14"]
[Round "3.3"]
[White "Kunz, Andre"]
[Black "Schrodt, Sebastian"]
[Result "1/2-1/2"]
[WhiteElo "2030"]
[BlackElo "2027"]
[PlyCount "70"]
[EventDate "2015.??.??"]

1. e4 d6 2. d4 g6 3. Nc3 Bg7 4. Nge2 c6 5. g3 b5 6. Bg2 e6 7. O-O Ne7 8. Be3
O-O 9. a3 Nd7 10. Qd2 Nb6 11. b3 Qc7 12. Rad1 a5 13. d5 exd5 14. exd5 b4 15.
Bxb6 Qxb6 16. Na4 Qb5 17. axb4 axb4 18. dxc6 Nxc6 19. Nf4 Be5 20. Nd5 Rxa4 21.
bxa4 Qxa4 22. Rb1 Bf5 23. Nxb4 Nxb4 24. Rxb4 Qxc2 25. Qxc2 Bxc2 26. Bd5 Bf5 27.
Rb7 Bd4 28. Rd1 Bc5 29. Kg2 g5 30. h4 h6 31. hxg5 hxg5 32. f3 Bg6 33. Re1 Kg7
34. Ree7 Kf6 35. g4 Bd4 1/2-1/2

[Event "A-Klasse 2015 (A68)"]
[Site "Berlin-Weißensee"]
[Date "2015.05.14"]
[Round "3.4"]
[White "Baranowsky, Peter"]
[Black "Steiner, Wolfram"]
[Result "0-1"]
[WhiteElo "2028"]
[BlackElo "1959"]
[PlyCount "80"]
[EventDate "2015.??.??"]

1. d4 d5 2. Nf3 Nf6 3. e3 g6 4. c4 Bg7 5. Nc3 O-O 6. Be2 dxc4 7. O-O c5 8. Ne5
cxd4 9. exd4 Nc6 10. Nxc6 bxc6 11. Bxc4 Bg4 12. Qa4 Qd6 13. h3 Bf5 14. Re1 Nd5
15. Qd1 Nb6 16. Bb3 Bxd4 17. Bh6 Rfd8 18. Qf3 Qf6 19. g4 Bd3 20. Qxf6 Bxf6 21.
g5 Bxc3 22. bxc3 e6 23. Re3 Bf5 24. Rd1 Rxd1+ 25. Bxd1 Rd8 26. Bf3 c5 27. Bg4
Rd3 28. Re2 Bxg4 29. hxg4 Rxc3 30. Rd2 Nd5 31. Rb2 Nb4 32. Rb1 Rd3 33. Kf1 Rd8
34. Ke2 Rc8 35. Kd2 Nxa2 36. Ra1 Nb4 37. Rxa7 c4 38. Ra3 Nd5 39. Ra4 Nf4 40.
Kc2 Nd3 0-1

[Event "A-Klasse 2015 (A68)"]
[Site "Berlin-Weißensee"]
[Date "2015.05.15"]
[Round "4.1"]
[White "Jaeger, Andre"]
[Black "Sappok, Marius"]
[Result "0-1"]
[WhiteElo "1952"]
[BlackElo "2042"]
[PlyCount "62"]
[EventDate "2015.??.??"]

1. d4 Nf6 2. c4 c5 3. Nf3 cxd4 4. Nxd4 Nc6 5. Nc3 e6 6. g3 Qb6 7. Nb3 Ne5 8. e4
Bb4 9. Qe2 d6 10. Be3 Bxc3+ 11. bxc3 Qc7 12. Bd4 b6 13. f4 Nc6 14. e5 dxe5 15.
fxe5 Nd7 16. Bg2 {(=)} Ba6 17. O-O Rc8 18. Bxc6 Qxc6 19. Nd2 Bxc4 20. Nxc4 Qxc4
21. Qg4 O-O 22. Rf4 Qd3 23. Raf1 Nxe5 24. Qg5 Ng6 25. R4f3 Qc4 26. h4 h6 27.
Qe3 e5 28. Bxe5 Rce8 29. Rf5 f6 30. Qd4 Nxe5 31. Rxe5 Qxd4+ 0-1

[Event "A-Klasse 2015 (A68)"]
[Site "Berlin-Weißensee"]
[Date "2015.05.15"]
[Round "4.2"]
[White "Hoppensack, Manfred"]
[Black "Kunz, Andre"]
[Result "0-1"]
[WhiteElo "1999"]
[BlackElo "2030"]
[PlyCount "92"]
[EventDate "2015.??.??"]

1. e4 e5 2. Nc3 Nf6 3. f4 d5 4. fxe5 Nxe4 5. Nf3 Bc5 6. d4 Bb4 7. Bd2 Bg4 8.
Nxe4 dxe4 9. Bxb4 exf3 10. Qd3 Qd5 11. Qb5+ Qxb5 12. Bxb5+ c6 13. Bf1 fxg2 14.
Bxg2 Na6 15. Bd6 O-O-O 16. Rg1 Rhe8 17. Kf2 Rxd6 18. exd6 Re2+ 19. Kg3 Be6 20.
Bf1 Rxc2 21. Bxa6 bxa6 22. Rgc1 Rxc1 23. Rxc1 Kd7 24. a3 Kxd6 25. Kf4 h6 26. h4
g6 27. Rc5 f6 28. Ra5 g5+ 29. hxg5 hxg5+ 30. Ke4 Bc4 31. Ke3 Ke6 32. Rc5 Bd5
33. Ra5 {(=)} Bc4 34. Rc5 Bd5 35. Ra5 f5 36. Rxa6 f4+ 37. Kf2 g4 38. Kg1 g3 39.
Rxa7 f3 40. Ra4 f2+ 41. Kf1 Kf5 42. Ra5 Ke4 43. Rxd5 cxd5 44. Ke2 Kxd4 45. a4
Kc4 46. a5 Kb5 0-1

[Event "A-Klasse 2015 (A68)"]
[Site "Berlin-Weißensee"]
[Date "2015.05.15"]
[Round "4.3"]
[White "Steiner, Wolfram"]
[Black "Costello, Colin"]
[Result "1/2-1/2"]
[WhiteElo "1959"]
[BlackElo "1958"]
[PlyCount "131"]
[EventDate "2015.??.??"]

1. d4 Nf6 2. Bg5 d5 3. e3 Nbd7 4. c3 e6 5. Bd3 Be7 6. Nd2 b6 7. Ngf3 Bb7 8. Ne5
O-O 9. Nxd7 Qxd7 10. Bxf6 Bxf6 11. f4 c5 12. O-O b5 13. Qg4 b4 14. Rf3 g6 15.
Rh3 bxc3 16. bxc3 Qa4 17. f5 exf5 18. Bxf5 cxd4 19. Rb1 Bc8 20. Bxc8 Raxc8 21.
exd4 Rxc3 22. Nf3 Qxa2 23. Re1 Qc4 24. Qf4 Bg7 25. Rh4 Rd3 26. h3 Qb4 27. Rf1
a5 28. Ne5 Bxe5 29. dxe5 Qxf4 30. Rhxf4 Re3 31. Ra4 Rxe5 32. Rxa5 Rd8 33. Ra7
Rf5 34. Rxf5 gxf5 35. Kf2 Kg7 36. Ke3 d4+ 37. Kd3 Kf6 38. h4 Rg8 39. Ra6+ Ke5
40. Ra5+ Kf4 41. Ra2 Kg3 42. Kxd4 Kxh4 43. Ke5 Kg5 44. Ra7 f6+ 45. Kd4 h5 46.
Ke3 f4+ 47. Kf3 f5 48. Rb7 Rg6 49. Rb8 Rg7 50. Ra8 Kh4 51. Kxf4 Rxg2 52. Kxf5
Rf2+ 53. Ke4 Kg3 54. Rg8+ Kh3 55. Ke3 Rf7 56. Rg6 h4 57. Rg8 Kh2 58. Rg6 h3 59.
Ke2 Kh1 60. Rg3 h2 61. Rg8 Ra7 62. Kf2 Ra1 63. Rg7 Rg1 64. Ra7 Rg2+ 65. Kf3 Rg1
66. Ra2 1/2-1/2

[Event "A-Klasse 2015 (A68)"]
[Site "Berlin-Weißensee"]
[Date "2015.05.15"]
[Round "4.4"]
[White "Schrodt, Sebastian"]
[Black "Baranowsky, Peter"]
[Result "1-0"]
[WhiteElo "2027"]
[BlackElo "2028"]
[PlyCount "103"]
[EventDate "2015.??.??"]

1. Nf3 d5 2. c4 Nf6 3. g3 d4 4. e3 c5 5. exd4 cxd4 6. d3 Nc6 7. a3 e5 8. b4 a6
9. Bg2 Bd6 10. O-O O-O 11. Re1 Nd7 12. Nbd2 h6 13. c5 Bc7 14. Nc4 f5 15. Qb3
Kh8 16. Ra2 Qf6 17. Rae2 g5 18. Bb2 g4 19. Nxd4 Nxd4 20. Bxd4 exd4 21. c6 bxc6
22. Re6 Qg7 23. Rxc6 Ra7 24. Qb2 Be5 25. Qc1 Bf6 26. Nd6 Bg5 27. Qc2 Kh7 $18 (
27... Bb7 28. Rc7 Bxg2 29. Rxa7 Bd5) 28. Nxc8 Rb7 29. Nd6 Rb6 30. Rxb6 Nxb6 31.
Nxf5 Qd7 32. Qc6 $6 $16 (32. Bc6) 32... Qxc6 33. Bxc6 Rxf5 34. Be4 Kg6 35. h4
Bd2 36. Re2 Bc3 37. f3 gxf3 38. Rf2 Kf6 39. Bxf5 Kxf5 40. Rxf3+ Ke6 41. Rf8 Nd5
42. Ra8 Nc7 43. Rb8 Nd5 44. Kf1 Bd2 45. Ke2 Be3 46. Kf3 Kd6 47. Rg8 Nc7 48. Ke4
Ke6 49. Rg6+ Ke7 50. g4 Kd7 51. g5 hxg5 52. h5 1-0

[Event "A-Klasse 2015 (A68)"]
[Site "Berlin-Weißensee"]
[Date "2015.05.16"]
[Round "5.1"]
[White "Kunz, Andre"]
[Black "Jaeger, Andre"]
[Result "1-0"]
[WhiteElo "2030"]
[BlackElo "1952"]
[PlyCount "139"]
[EventDate "2015.??.??"]

1. e4 c5 2. c3 Nf6 3. e5 Nd5 4. d4 cxd4 5. Qxd4 e6 6. Nf3 Nc6 7. Qe4 Qc7 8. Bc4
f5 9. Qe2 Nde7 10. O-O Ng6 11. Re1 Ncxe5 12. Nxe5 Nxe5 13. Qxe5 Qxc4 14. Qxf5
Be7 15. Nd2 Qh4 16. Nf3 Qf6 17. Qd3 O-O 18. Bg5 Qf7 19. Bxe7 Qxe7 20. Rad1 Qf6
21. Re2 a5 22. Ne5 d5 23. Rde1 Ra6 24. Qb5 Qd8 25. Nf3 Rd6 26. Nd4 Rf6 27. Nb3
b6 28. Nd4 Bd7 29. Qd3 Qf8 30. Nf3 h6 31. Ne5 Be8 32. Rd2 b5 33. Qg3 Rf5 34.
Rd4 Rg5 35. Qe3 Rf5 36. Rg4 Qf6 37. Qg3 Rd8 38. Qe3 Bh5 39. Rd4 Bf7 40. g4 Rg5
41. f4 Rg6 42. Nxg6 Qxg6 43. Qe2 h5 44. h3 Kh7 45. Kg2 Rh8 46. Kg3 Kg8 47. g5
Kh7 48. Qxb5 Re8 49. Qd3 e5 50. Qxg6+ Kxg6 51. fxe5 Kxg5 52. Rf4 Be6 53. h4+
Kh6 54. Ra4 g5 55. Rf1 gxh4+ 56. Kxh4 Bg4 57. Rxa5 Rxe5 58. Ra6+ Kg7 59. Rf2
Re4 60. Kg5 Re5+ 61. Kh4 Re4 62. Kg3 Re3+ 63. Kh2 Rh3+ 64. Kg2 Rd3 65. Raf6 h4
66. Rd6 Rg3+ 67. Kf1 Rd3 68. Rg2 Rd1+ 69. Kf2 Rd2+ 70. Kg1 1-0

[Event "A-Klasse 2015 (A68)"]
[Site "Berlin-Weißensee"]
[Date "2015.05.16"]
[Round "5.2"]
[White "Sappok, Marius"]
[Black "Steiner, Wolfram"]
[Result "0-1"]
[WhiteElo "2042"]
[BlackElo "1959"]
[PlyCount "88"]
[EventDate "2015.??.??"]

1. d4 d5 2. c4 c6 3. Nc3 Nf6 4. e3 Bf5 5. cxd5 cxd5 6. Qb3 Nc6 7. Qxb7 Bd7 8.
Qb3 Rb8 9. Qd1 e5 10. dxe5 Nxe5 11. Nf3 Bd6 12. Be2 O-O 13. O-O Qe7 14. Nxe5
Qxe5 15. f4 Qe6 16. Bf3 Bc6 17. Ne2 Rfe8 18. Nd4 Qd7 19. Qc2 Rb6 20. Bd2 Ne4
21. Bxe4 Rxe4 22. Rac1 Bb7 23. Rf3 Bb8 24. Rg3 Bxf4 25. exf4 Rxd4 26. Bc3 Rc6
27. Qb1 (27. Qf2) 27... Re4 28. Rxg7+ Kf8 29. Rxh7 Qf5 30. Rh8+ Ke7 31. Re1
Rce6 32. Rxe4 Rxe4 33. Qd1 d4 $4 $18 (33... Qxf4) 34. Bb4+ Kf6 35. Qh5 $138 (
35. Bf8 Qxf4 36. Rh6+ Kf5 37. Qh5+ Qg5 38. Qxf7+ Ke5 39. Bd6#) 35... Qxh5 36.
Rxh5 Re2 37. Rb5 Bxg2 38. Ba5 Rc2 39. Bd8+ Ke6 40. Rg5 $2 $19 (40. f5+) 40...
Bc6 41. Re5+ Kd7 42. Bf6 d3 43. Re7+ Kc8 44. Bc3 Rxc3 0-1

[Event "A-Klasse 2015 (A68)"]
[Site "Berlin-Weißensee"]
[Date "2015.05.16"]
[Round "5.3"]
[White "Baranowsky, Peter"]
[Black "Hoppensack, Manfred"]
[Result "1/2-1/2"]
[WhiteElo "2028"]
[BlackElo "1999"]
[PlyCount "117"]
[EventDate "2015.??.??"]

1. d4 e6 2. c4 Nf6 3. Nf3 Bb4+ 4. Bd2 Qe7 5. Qc2 Bxd2+ 6. Nbxd2 d6 7. e4 e5 8.
Be2 O-O 9. O-O Nc6 10. d5 Nd8 11. b4 b6 12. Rfc1 Nh5 13. c5 c6 $6 $16 (13...
Nf4 14. Bf1 f5 15. cxd6 cxd6 16. Qc7 Qf6) 14. cxd6 Qxd6 15. dxc6 Nf4 16. Bf1
Nde6 17. g3 $18 Ng6 18. b5 Nd4 19. Qd3 f5 20. Nxd4 exd4 21. Nb3 $2 $13 (21. f4
$18) 21... Ne5 22. Qe2 d3 23. Qe3 fxe4 24. Qxe4 Bg4 25. f4 $15 (25. Bxd3 Nxd3
26. Qxg4 Nxc1 27. Qc4+ Kh8 28. Rxc1 $40) 25... Nf3+ 26. Kg2 d2 27. Rd1 Ne1+ $6
$16 28. Kg1 (28. Kf2 $142 Bxd1 29. Rxd1 Rae8 30. Rxd2 Rxe4 31. Rxd6 Nc2 32. Bd3
) 28... Bxd1 $16 29. Rxd1 Rfe8 30. Qc4+ $6 $13 (30. Rxd2 $18) 30... Kf8 $2 $18
(30... Kh8 $8) 31. Kf2 Qe7 32. Qc3 Nd3+ $2 (32... Rad8) 33. Qxd3 $4 $17 (33.
Bxd3 $18 Qe3+ 34. Kg2) 33... Qe1+ 34. Kg2 (34. Rxe1 dxe1=Q+ 35. Kg2 Qe4+ 36.
Qxe4 Rxe4) 34... Qxd1 35. Qd6+ (35. Qf5+ Kg8 36. Bc4+ Kh8 37. Bd3 Re2+ 38. Kh3
Qf1+ 39. Kg4 Rxh2 40. Bxf1 d1=Q+ 41. Kg5 Qh5#) 35... Kg8 36. Bc4+ Kh8 37. Qxd2
Qxd2+ 38. Nxd2 Rad8 39. Nf3 g6 40. Ne5 Rd2+ 41. Kf3 Rd4 (41... Rxh2 42. Nf7+
Kg7 43. Nd6 Re7 44. c7 Rxc7 45. Ne8+ Kh6 46. Nxc7 Rc2) 42. Bb3 Kg7 43. Ke3 Rdd8
(43... Rb4 $19) 44. Ke4 Kf6 45. g4 g5 46. fxg5+ Kxg5 47. h4+ Kf6 (47... Kxh4
$19) 48. g5+ Ke7 49. Nd7 Kd6+ 50. Kf5 Re1 51. h5 Rf1+ 52. Kg4 Re8 53. Nf6 Re5
54. Nxh7 Ref5 55. g6 R1f4+ 56. Kg3 Rf3+ 57. Kg4 R3f4+ 58. Kg3 Rf3+ 59. Kg4
1/2-1/2

[Event "A-Klasse 2015 (A68)"]
[Site "Berlin-Weißensee"]
[Date "2015.05.16"]
[Round "5.4"]
[White "Costello, Colin"]
[Black "Schrodt, Sebastian"]
[Result "1/2-1/2"]
[WhiteElo "1958"]
[BlackElo "2027"]
[PlyCount "51"]
[EventDate "2015.??.??"]

1. c4 Nf6 2. Nc3 g6 3. g3 Bg7 4. Bg2 O-O 5. Nf3 c5 6. O-O Nc6 7. d4 cxd4 8.
Nxd4 Rb8 9. Bf4 e5 10. Nxc6 bxc6 11. Bxe5 Rxb2 12. Qa4 (12. Nb5 cxb5 13. Bxb2
bxc4 14. Qd4 d5 15. Qxa7 Be6 16. a4 Qc8 17. Bd4 Bh3 18. a5 Re8 19. a6 Bxg2 20.
Kxg2 Qe6 21. e3 h5 22. Qb7) 12... Qe7 13. Bd4 Rb4 14. Qxa7 Rxc4 15. Rac1 Re8
16. Rfd1 d5 17. Qxe7 Rxe7 18. Bxf6 Bxf6 19. Nxd5 cxd5 20. Rxc4 dxc4 21. Rd8+
Kg7 22. Rxc8 Rxe2 23. Rxc4 {(=)} Rd2 24. Be4 Rxa2 25. Rc7 Bd4 26. Rxf7+ 1/2-1/2

[Event "A-Klasse 2015 (A68)"]
[Site "Berlin-Weißensee"]
[Date "2015.05.16"]
[Round "6.1"]
[White "Jaeger, Andre"]
[Black "Steiner, Wolfram"]
[Result "1-0"]
[WhiteElo "1952"]
[BlackElo "1959"]
[PlyCount "67"]
[EventDate "2015.??.??"]

1. d4 d5 2. c4 c6 3. cxd5 cxd5 4. Nc3 Nf6 5. Bf4 Nc6 6. e3 Bg4 7. Qb3 Na5 8.
Qa4+ Bd7 9. Bb5 Nc6 10. Nf3 a6 11. Be2 e6 12. a3 Be7 13. h3 O-O 14. O-O Na5 15.
Qd1 Rc8 16. Ne5 Be8 17. Bd3 Nc4 18. Nxc4 dxc4 19. Bb1 Bc6 20. e4 Re8 21. Be3 b5
22. Qc2 g6 23. g4 h5 24. g5 Nh7 25. h4 Nxg5 26. hxg5 Bxg5 27. f4 Bh6 28. Qf2
Kg7 29. Bc2 Rh8 30. Rad1 h4 31. d5 exd5 32. exd5 Bd7 33. Bd4+ f6 34. Ne4 1-0

[Event "A-Klasse 2015 (A68)"]
[Site "Berlin-Weißensee"]
[Date "2015.05.16"]
[Round "6.2"]
[White "Kunz, Andre"]
[Black "Baranowsky, Peter"]
[Result "1-0"]
[WhiteElo "2030"]
[BlackElo "2028"]
[PlyCount "44"]
[EventDate "2015.??.??"]

1. e4 c6 2. d4 d5 3. Nc3 dxe4 4. Nxe4 Bf5 5. Ng3 Bg6 6. Nf3 Nd7 7. h4 h6 8. h5
Bh7 9. Bd3 Bxd3 10. Qxd3 e6 11. Bd2 Ngf6 12. O-O-O Be7 13. Kb1 O-O 14. c4 c5
15. d5 exd5 16. Nf5 dxc4 17. Qxc4 b5 18. Qh4 Kh8 19. Bf4 Rg8 20. Ne5 Qe8 21.
Nxd7 Nd5 22. Nxe7 Nxe7 1-0

[Event "A-Klasse 2015 (A68)"]
[Site "Berlin-Weißensee"]
[Date "2015.05.16"]
[Round "6.3"]
[White "Schrodt, Sebastian"]
[Black "Sappok, Marius"]
[Result "1-0"]
[WhiteElo "2027"]
[BlackElo "2042"]
[PlyCount "71"]
[EventDate "2015.??.??"]

1. Nf3 Nf6 2. c4 c5 3. g3 g6 4. Bg2 Bg7 5. O-O O-O 6. Nc3 d5 7. cxd5 Nxd5 8.
Qb3 Nb6 9. d3 Nc6 10. Be3 Nd4 11. Bxd4 cxd4 12. Ne4 Be6 13. Qa3 Bd5 14. Ned2 e5
15. Nh4 f5 16. Bxd5+ Qxd5 17. Rac1 Rf7 18. Rc5 Qd6 19. Nc4 Nxc4 20. Rxc4 Qxa3
21. bxa3 Bf8 22. a4 b6 23. Nf3 Re8 24. Rfc1 Bc5 25. R1c2 Rd7 26. Nd2 Rd5 27.
Nb3 Rc8 28. a5 Re8 29. Nxc5 b5 30. Rb4 Rc8 31. Rxb5 a6 32. Nxa6 Rxc2 33. Rxd5
Rxe2 34. Nb4 Rb2 35. Nc6 Rxa2 36. Rxe5 1-0

[Event "A-Klasse 2015 (A68)"]
[Site "Berlin-Weißensee"]
[Date "2015.05.16"]
[Round "6.4"]
[White "Hoppensack, Manfred"]
[Black "Costello, Colin"]
[Result "1/2-1/2"]
[WhiteElo "1999"]
[BlackElo "1958"]
[PlyCount "101"]
[EventDate "2015.??.??"]

1. e4 e6 2. d4 d5 3. Nd2 c5 4. exd5 exd5 5. Bb5+ Nc6 6. Qe2+ Be7 7. dxc5 Nf6 8.
Nb3 O-O 9. Bxc6 bxc6 10. Be3 Re8 11. Nf3 Ne4 12. O-O Nxc5 13. Nxc5 Bxc5 14. Qd3
Bxe3 15. fxe3 Qb6 16. Qd4 {(=)} Rxe3 17. Qxb6 axb6 18. Kf2 Re8 19. a3 Bf5 20.
c3 Be4 21. Rfe1 Re6 22. a4 Kf8 23. Ra3 Bxf3 24. gxf3 Rxe1 25. Kxe1 Ke7 26. b4
Kd6 27. Kd2 c5 28. Kd3 Kc6 29. Ra2 Ra7 30. Ra1 g5 31. h3 h5 32. f4 g4 33. f5
Kd6 34. hxg4 hxg4 35. Ke3 Re7+ 36. Kd3 g3 37. f6 Ra7 38. Ke3 d4+ 39. cxd4 cxb4
40. Kf3 Ke6 41. Kxg3 Kxf6 42. Kf4 Ke6 43. Ke4 f5+ 44. Kd3 Kd5 45. Rf1 Ke6 46.
Re1+ Kf6 47. Kc4 Rxa4 48. Kb5 Ra2 49. Kxb4 Rd2 50. Kc3 Rh2 51. Rb1 1/2-1/2

[Event "A-Klasse 2015 (A68)"]
[Site "Berlin-Weißensee"]
[Date "2015.05.17"]
[Round "7.1"]
[White "Baranowsky, Peter"]
[Black "Jaeger, Andre"]
[Result "0-1"]
[WhiteElo "2028"]
[BlackElo "1952"]
[PlyCount "86"]
[EventDate "2015.??.??"]

1. e4 c5 2. b3 Nc6 3. Bb2 e6 4. f4 Nf6 5. Nc3 d5 6. e5 Nd7 7. Nf3 a6 8. a4 Be7
9. Bd3 Nb4 10. Be2 b6 11. d4 Bb7 12. Na2 cxd4 13. Nxd4 Rc8 14. c3 Nc6 15. O-O
O-O 16. Rf3 Bc5 17. Bd3 f5 18. Kh1 Bxd4 19. cxd4 Rf7 20. Qe2 Ndb8 21. Rg1 Kh8
22. g4 Qe7 23. Rh3 Rg8 24. Rgg3 g6 25. Bc3 a5 26. Qg2 Rgg7 27. Qg1 Ba6 28. Bb5
Bxb5 29. axb5 Na7 30. Be1 Nxb5 31. Nc3 Nxc3 32. Rxc3 Qb7 33. Bh4 Nd7 34. Qc1
fxg4 35. Rc7 Qa6 36. Rhc3 g5 37. Rc8+ Nf8 38. Bf2 gxf4 39. R3c7 Kg8 40. Rxf8+
Rxf8 41. Rxg7+ Kxg7 42. Bh4 Qd3 43. Bf6+ Kg6 0-1

[Event "A-Klasse 2015 (A68)"]
[Site "Berlin-Weißensee"]
[Date "2015.05.17"]
[Round "7.2"]
[White "Steiner, Wolfram"]
[Black "Schrodt, Sebastian"]
[Result "0-1"]
[WhiteElo "1959"]
[BlackElo "2027"]
[PlyCount "44"]
[EventDate "2015.??.??"]

1. d4 d5 2. Bf4 Nf6 3. e3 c5 4. c3 Nc6 5. Nd2 Qb6 6. Qb3 c4 7. Qc2 Bg4 8. e4 e6
9. f3 Bh5 10. g4 Bg6 11. g5 Nh5 12. Be3 f5 13. exd5 f4 14. Nxc4 Bxc2 15. Nxb6
axb6 16. dxc6 fxe3 17. cxb7 Rb8 18. Bb5+ Kd8 19. Ke2 Be7 20. Nh3 Bf5 21. Ng1
Bxg5 22. a4 Rxb7 0-1